| 000 | 00760nam a2200193Ia 4500 | ||
|---|---|---|---|
| 008 | 090201s9999 xx 000 0 und d | ||
| 010 | _aKPL-70568 | ||
| 020 | _a81-86995-43-9 | ||
| 040 | _bमराठी | ||
| 041 | _aमराठी | ||
| 082 |
_a48674 _b70568 |
||
| 100 | _aबाबुराव डॉ. गुख | ||
| 245 |
_aअण्णा भाऊ साठे समाजविचार आणि साहित्यविवेचन _cबाबुराव डॉ. गुख |
||
| 250 | _a2 | ||
| 260 |
_c1999 _bलोकवाङ्मय गृह |
||
| 300 |
_a206 _bमध्यम |
||
| 600 | _aअण्णा भाऊ साठे समाजविचार आणि साहित्यविवेचन | ||
| 942 | _cBOOK | ||
| 999 |
_c245302 _d245302 |
||